| 000 | 03731nam a2200445 i 4500 | ||
|---|---|---|---|
| 001 | 000047555 | ||
| 003 | DO-SdBNP | ||
| 005 | 20250716140036.0 | ||
| 007 | ta | ||
| 008 | 150206s2011 dr ac r 000 0 spa d | ||
| 020 | _a9789945443622 (serie) | ||
| 020 | _a9789945443691 (v. 167) | ||
| 040 |
_aDO-SdBNP _bspa _cBNPHU _erda |
||
| 041 | _aspa | ||
| 082 | 4 |
_aRD860.8 _bC744o, 2010 _222 |
|
| 111 | 2 |
_aConcurso de Arte y Literatura Bancentral _n(14 : _d2010 : _cSanto Domingo, República Dominicana) _975192 |
|
| 245 | 1 | 0 |
_aObras premiadas : _bdecimocuarto concurso de arte y literatura Bancentral 2010 / _cpresentación, Héctor Valdez Albizu. |
| 264 | 4 |
_aSanto Domingo : _bBanco Central de la República Dominicana, _c2011. |
|
| 300 |
_a115 páginas : _bilustraciones, retratos ; _c24 cm. |
||
| 336 |
_atexto _btxt _2rdacontent |
||
| 337 |
_asin mediación _bn _2rdamedia |
||
| 338 |
_avolumen _bnc _2rdacarrier |
||
| 490 | 0 |
_aBanco Central de la República Dominicana _v167 |
|
| 490 | 0 |
_aObras premiadas _v14 |
|
| 500 | _aIncluye notas a pie de páginas | ||
| 505 | 0 |
_aPresentación -- _tCuento -- _t¿Por qué será? -- _gPrimer premio -- _rEunice Durán Vásquez / _tUna vía -- _gSegundo premio -- _rSabrina Hernández Batlle / _tZurciendo la esperanza -- _gTercer premio -- _rAriadna Adames Rojas / _tEl encuentro-- _gPrimera mención de honor -- _rRafael Eduardo Cintrón Díaz / _tEl último acto -- _gSegunda mención de honor -- _rNércido Melanio Vargas / _tCocoteco -- _gTercera mención de honor -- _rMaribel Ramírez Peralta / |
|
| 505 | 0 |
_aPintura -- _tVilla Altagracia -- _gPrimer premio -- _rAriadna Adames Rojas / _tEsperando por el agua -- _gSegundo premio -- _rSonia Angélica Pereyra Ariza / _tLa casa de doña Mecho -- _gTercer premio -- _rGeraldo A. Pimentel Ramírez / _tPaisaje colonial dominicano -- _gPrimera mención de honor -- _rAriadna Adames Rojas / _tReflejos nuestros -- _gSegunda mención de honor -- _rLuis Enrique Corniel / |
|
| 505 | 0 |
_aDibujo -- _tMary Gaby -- _gPrimer premio -- _rMaritza Balbuena / _tEl viejo Suly -- _gSegundo premio -- _rTeresa Calderón Cabral / _tSendero -- _gTercer premio -- _rAmelia Ortiz / _tImpotencia en el desastre -- _gPrimera mención de honor -- _rMaritza Balbuena / |
|
| 505 | 0 |
_aFotografía -- _tAbandonando antes del inicio -- _gPrimer premio -- _rMarianela del Carmen Matos Pichardo / _tLibertad -- _gSegundo premio -- _rAna Alexandra Pérez de Montás / _tLos trapitos al sol -- _gTercer premio -- _rAmelia Ortiz / _tFlores de papel -- _gPrimera mención de honor -- _rAna Alexandra Pérez de Montás / _tLingote -- _gSegunda mención de honor -- _rAmelia Ortiz / _tBailando Cibao adentro -- _gTercera mención de honor -- _rJuan Elidio Estevez Hurtado / _tCamuflaje -- _gCuarta mención de honor -- _rSergio Salvador Sánchez Díaz / _tLa excepción de Platón -- _gQuinta mención de honor -- _rRoseiby Karina Dájer Cruz / _tEn marcha -- _gSexta mención de honor -- _rRafael Virgilio Ravelo Peña / _t¿Por qué? -- _gSéptima mención de honor -- _rMaría del Carmen Cassá Calzada / _tMirando al este -- _gOctava mención de honor -- _rMaría del Carmen Cassá Calzada / |
|
| 505 | 0 |
_tMiembros del jurado del concurso de Arte y Literatura (1995-2010) -- _tColección bibliografíca del Banco Central de la República Dominicana / |
|
| 590 | _aInventariado, 2018/YL | ||
| 650 | 4 |
_aCertámenes literarios _ySiglo XXI _943523 |
|
| 650 | 4 |
_aLiteratura dominicana _ySiglo XXI _943524 |
|
| 650 | 4 |
_aPremios literarios _ySiglo XXI _943525 |
|
| 650 | 4 |
_aArte y literatura _ySiglo XXI _975187 |
|
| 700 | 1 |
_aValdez Albizu, Héctor, _d1947- _912322 |
|
| 710 | 2 |
_aBanco Central de la República Dominicana _983405 |
|
| 830 | 0 |
_aBanco Central de la República Dominicana. _v167 _pObras premiadas _n14 _975193 |
|
| 942 |
_2ddc _cLBS1 |
||
| 999 |
_c47043 _d47043 |
||